000 00449nam a2200181Ia 4500
001 10600
005 20260306161844.0
008 260306t1942||||xx |||||||||||||| ||spa||
041 _aESP
082 _a944.009
_bP54
100 _aPiétri, Francois
_eAUT
245 0 _aLuciano Bonaparte:
_b(el hombre que no quiso ser rey)
260 _c1942
300 _a336 páginas :
_c22 cm.
650 _aGEN
654 _aCHU
942 _cLIB
_dJUS
_fJUS
_2ddc
_n
999 _c10600
_d10600